Представление документа в формате RUSMARC

ПолеНазваниеЗначение
  Тип записи a
  Библиографический уровень m
001 Контрольный номер RU/SLIB/B/208755777
005 Дата корректировки 20201206204151.9
010 Индекс ISBN __
d Цена 2-50
101 Язык документа 0_
a Язык текста rus
200 Заглавие и сведения об ответственности 1_
a Заглавие История музыки народов СССР
f Первые сведения об ответственности Ин-т истории искусств м-ва культуры СССР
b Общее обозначение материала Текст
h Номер части Т. 5, ч. 2
210 Выходные данные __
a Место издания М.
c Издательство Совет. композитор
d Дата издания 1974
215 Физическое описание __
a Объем 384 с.
606 Тематические рубрики __
a Основная рубрика Музыка и зрелищные искусства
y Географическая подрубрика СССР
606 Тематические рубрики __
a Основная рубрика История музыки
610 Ключевые слова __
a Ключевые слова русская музыка; музыкальная культура; музыкальные течения; музыкальные произведения; музыкальное творчество; персоналии; композиторы; советская музыка; народная музыка; музыкальный фольклор
686 Индексы других классификаций __
a Классификационный индекс 85.313(2)6
801 Источник записи _0
a Страна RU
b Организация Муниципальное бюджетное учреждение культуры "Централизованная библиотечная система" г. Сургут (Центральная городская библиотека им. А. С. Пушкина)
g Правила каталогизации КиК/Михайлова
801 Источник записи _1
a Страна RU
b Организация Муниципальное бюджетное учреждение культуры "Централизованная библиотечная система" г. Сургут (Центральная городская библиотека им. А. С. Пушкина)
g Правила каталогизации КиК/Михайлова
852 Данные о местонахождении __
j Шифр хранения 85.313(2)6
c Каталожный индекс 85.313(2)
i Авторский знак И 90
p Инвентарный номер 21372(с)
901 Тип документа __
t Тип документа m
990 Данные о заказе (DOS) __
j Количество экземпляров (DOS) 1